00536pab a2200157 454500008004000000100002000040245008900060260000900149300001200158362001200170650003000182773003400212909001000246999001700256952010500273180718b1988 xxu||||| |||| 00| 0 eng d aGupta, Dipankar aCountry - town nexus and agrarian mobilisationbBharatiya Kisan Union as an instance c1988 a2688-96 a17 Dec. aPeasants Uprising - India aEconomic and Political Weekly a14751 c14751d14751 00104070aIIPAbIIPAd2018-07-19hVolume no: 23, Issue no: 51pAR14800r2018-07-19w2018-07-19yAR